Sports Quiz

Random Sports or Football Quiz

NFL Best Fantasy Players (2008) Quiz Stats

 Plays Quiz Updated Oct 1, 2018

Score 0/36 Timer 06:00
5 Plays Today
Fantasy Points Player % Correct
QuarterbackPeyton Manning
95.9%
QuarterbackDrew Brees
84.9%
Wide receiverAndre Johnson
80.1%
Wide receiverCalvin Johnson
79.6%
Running backAdrian Peterson
77.6%
Tight EndTony Gonzalez
68.1%
QuarterbackPhilip Rivers
67.2%
Defense (team)Baltimore Ravens
66.6%
Defense (team)Pittsburgh Steelers
66.4%
Running backLaDainian Tomlinson
64.1%
Tight EndAntonio Gates
60.8%
QuarterbackAaron Rodgers
58.4%
Running backThomas Jones
54.5%
Wide receiverLarry Fitzgerald
54.5%
QuarterbackKurt Warner
51%
Tight EndJason Witten
47.8%
Running backDeAngelo Williams
46.5%
Defense (team)Chicago Bears
45.2%
Fantasy Points Player % Correct
Running backMichael Turner
44.9%
QuarterbackJay Cutler
42.1%
Wide receiverSteve Smith
41.6%
Tight EndDallas Clark
40.7%
Defense (team)Philadelphia Eagles
39%
Running backMatt Forte
34.7%
Defense (team)Tennessee Titans
28.8%
Wide receiverRoddy White
27.1%
KickerDavid Akers
25.2%
Wide receiverGreg Jennings
22.2%
KickerStephen Gostkowski
21.3%
Defense (team)Tampa Bay Buccaneers
16.9%
KickerRob Bironas
16.2%
Tight EndOwen Daniels
15.5%
KickerRyan Longwell
12.5%
Tight EndVisanthe Shiancoe
9%
KickerJohn Carney
8.5%
KickerJohn Kasay
4.7%

You're not logged in!

Compare scores with friends on all Sporcle quizzes.
OR
Log In

Sporcle TV

Today on Sporcle TV


Watch our educational content, quiz creation guides, and fun videos on Sporcle TV.

Show Comments

Extras

Top Quizzes Today


Score Distribution

Your Account Isn't Verified!

In order to create a playlist on Sporcle, you need to verify the email address you used during registration. Go to your Sporcle Settings to finish the process.

Report this User

Report this user for behavior that violates our Community Guidelines.

Details: